[Event "V Festival Costa Viola B"]
[Site "Palmi ITA"]
[Date "2012.01.06"]
[Round "8"]
[White "Furnari, Francesco"]
[Black "Altomonte, Giuseppe"]
[Result "0-1"]
[WhiteElo "1833"]
[BlackElo "1800"]
[PlyCount "92"]
[EventDate "2012.01.02"]

1. c4 c6 2. Nc3 d5 3. cxd5 cxd5 4. d4 Nf6 5. Bf4 a6 6. Nf3 Nc6 7. e3 e6 8. Rc1
Bd7 9. Bd3 Be7 10. O-O Nh5 11. Be5 Nxe5 12. Nxe5 g6 13. Qf3 O-O 14. Qe2 Bd6 15.
f4 f5 16. Rf3 Nf6 17. Rh3 Bxe5 18. fxe5 Ne4 19. Rf3 Rc8 20. Bxe4 dxe4 21. Rff1
b5 22. a3 Bc6 23. Rfd1 Bd5 24. Nxd5 Qxd5 25. Rc2 Rc6 26. Rdc1 Rfc8 27. Qd2 Kf7
28. Rc3 Rxc3 29. Rxc3 Rxc3 30. Qxc3 Qc4 31. Qxc4 bxc4 32. Kf2 Ke7 33. Ke2 Kd7
34. Kd2 Kc6 35. Kc3 Kd5 36. h4 h6 37. Kd2 f4 38. Ke2 g5 39. hxg5 hxg5 40. Kf2
a5 41. Ke2 fxe3 42. Kxe3 g4 43. g3 a4 44. Kf4 Kxd4 45. Kxg4 e3 46. Kf3 Kd3 0-1

[Event "V Festival Costa Viola B"]
[Site "Palmi ITA"]
[Date "2012.01.06"]
[Round "8"]
[White "Iannello, Andrea"]
[Black "Pelyushenko, Vladyslav"]
[Result "1-0"]
[WhiteElo "1740"]
[BlackElo "1787"]
[PlyCount "117"]
[EventDate "2012.01.02"]

1. e4 d6 2. d4 Nf6 3. Nc3 g6 4. Be2 Bg7 5. Be3 c6 6. a4 Qa5 7. Bd2 Nbd7 8. Nf3
O-O 9. O-O Qc7 10. Be3 e5 11. dxe5 dxe5 12. h3 Re8 13. Qd2 Nf8 14. Rad1 Ne6 15.
Qd6 Qxd6 16. Rxd6 Nh5 17. Bc4 Nef4 18. Ng5 Be6 19. Nxe6 Nxe6 20. Bxe6 Rxe6 21.
Rxe6 fxe6 22. Rd1 Nf4 23. g3 Nh5 24. Rd7 b6 25. Rd6 Rc8 26. Rxe6 Rc7 27. Re8+
Kf7 28. Ra8 Nf6 29. a5 Nd7 30. axb6 axb6 31. Ra6 b5 32. Ra7 Rxa7 33. Bxa7 Ke6
34. Be3 Bf8 35. Kf1 Bb4 36. Na2 Bd6 37. Ke2 b4 38. c3 bxc3 39. Nxc3 Bb4 40. Na4
Nf6 41. Kd3 Ne8 42. Bc5 Bxc5 43. Nxc5+ Kd6 44. b4 Nf6 45. Ke3 g5 46. Nd3 Nd7
47. f4 gxf4+ 48. gxf4 exf4+ 49. Kxf4 Ke7 50. Kg5 Nf8 51. Kh6 Kf6 52. h4 Ng6 53.
e5+ Kf5 54. h5 Nf8 55. Kg7 Ne6+ 56. Kxh7 Kg5 57. h6 Kh5 58. Nc5 Ng5+ 59. Kg7
1-0

[Event "V Festival Costa Viola B"]
[Site "Palmi ITA"]
[Date "2012.01.06"]
[Round "8"]
[White "Mercuri, Delia"]
[Black "Arcidiaco, Francesco"]
[Result "1-0"]
[WhiteElo "1673"]
[BlackElo "1668"]
[PlyCount "103"]
[EventDate "2012.01.02"]

1. e4 d5 2. exd5 Qxd5 3. Nc3 Qa5 4. Nf3 Nf6 5. Be2 c6 6. d3 g6 7. O-O Bg7 8.
Ne4 O-O 9. Bd2 Qc7 10. Bc3 Nbd7 11. Qd2 a5 12. Nxf6+ Nxf6 13. Be5 Qd7 14. c3 b5
15. Rad1 Bb7 16. Qf4 Rfd8 17. Qc1 a4 18. d4 Qe6 19. a3 Rac8 20. Ng5 Qd7 21. Qf4
h6 22. Nf3 Qd5 23. Ne1 Ba8 24. Bf3 Qb3 25. Nd3 Nd5 26. Qg3 e6 27. h4 f6 28. Nc5
Qxb2 29. Nxe6 fxe5 30. Qxg6 Rd7 31. Be4 Nf6 32. Bf5 e4 33. Nc5 Rdd8 34. Bxc8
Rxc8 35. Ne6 Rc7 36. Nxc7 Qxa3 37. Nxa8 Qe7 38. Nb6 e3 39. fxe3 Qxe3+ 40. Kh1
Ne4 41. Qf7+ Kh8 42. Kh2 Qg3+ 43. Kg1 Qe3+ 44. Rf2 Nxf2 45. Qxf2 Qxc3 46. Nd7
a3 47. Ne5 a2 48. Qxa2 b4 49. Qa8+ Kh7 50. Qxc6 Qe3+ 51. Kh1 b3 52. Qg6+ 1-0

[Event "V Festival Costa Viola B"]
[Site "Palmi ITA"]
[Date "2012.01.06"]
[Round "8"]
[White "Panariello, Francesco"]
[Black "Iannello, Antonio"]
[Result "0-1"]
[WhiteElo "1756"]
[BlackElo "1605"]
[PlyCount "174"]
[EventDate "2012.01.02"]

1. d4 Nf6 2. Nf3 d5 3. e3 e6 4. Bd3 c5 5. b3 Nc6 6. Bb2 Be7 7. O-O O-O 8. Nbd2
b6 9. a3 Bb7 10. Qe2 Qc7 11. Rfe1 Rfd8 12. e4 dxe4 13. Nxe4 Nxd4 14. Bxd4 cxd4
15. Neg5 Bd6 16. Rad1 h6 17. Ne4 Nxe4 18. Bxe4 Bxa3 19. Bxb7 Qxb7 20. Rxd4 Bc5
21. Rg4 Qd5 22. b4 Be7 23. Qe3 Kh8 24. Ne5 Kg8 25. Nd3 Bg5 26. Qe2 Rac8 27. h4
Bf6 28. g3 Rc4 29. Nf4 Qc6 30. Nh5 Rxg4 31. Qxg4 Qc3 32. Re3 Qd4 33. Re4 Qd1+
34. Kg2 Qxg4 35. Rxg4 Bb2 36. b5 g6 37. Rb4 Bd4 38. Nf4 e5 39. Ne2 Bc5 40. Ra4
Rd2 41. Nc3 Rxf2+ 42. Kh3 Rxc2 43. Ne4 Bg1 44. g4 Rc7 45. Kg2 Bd4 46. Kf3 f5
47. gxf5 gxf5 48. Nd6 Rc3+ 49. Ke2 Re3+ 50. Kd2 Rf3 51. Rxa7 Bc5 52. Ne8 Rb3
53. Nf6+ Kf8 54. Nd7+ Ke8 55. Nxe5 Rxb5 56. Kd3 Rb3+ 57. Kc2 Rh3 58. Kd1 Re3
59. Nc4 Re7 60. Ra8+ Kf7 61. h5 Kf6 62. Rg8 Re4 63. Nxb6 Bxb6 64. Rg6+ Kf7 65.
Rxb6 Re6 66. Rb7+ Kf6 67. Ra7 Kg5 68. Rg7+ Kxh5 69. Rg1 Rg6 70. Rh1+ Kg5 71.
Ke2 Kf4 72. Rh4+ Kg5 73. Rh1 f4 74. Kf3 Ra6 75. Rg1+ Kf5 76. Rg8 Ra3+ 77. Kf2
h5 78. Rf8+ Kg4 79. Rg8+ Kf5 80. Rf8+ Ke5 81. Rh8 Ke4 82. Rxh5 Ra2+ 83. Kf1 Ke3
84. Rb5 Kf3 85. Rb3+ Kg4 86. Rb4 Kg3 87. Rb3+ f3 0-1

[Event "V Festival Costa Viola B"]
[Site "Palmi ITA"]
[Date "2012.01.06"]
[Round "8"]
[White "Rametta, Marcello"]
[Black "Vasta, Armando"]
[Result "1-0"]
[WhiteElo "1744"]
[BlackElo "1678"]
[PlyCount "161"]
[EventDate "2012.01.02"]

1. e4 c5 2. c3 d5 3. Bd3 dxe4 4. Bxe4 Qc7 5. h3 Nf6 6. Bc2 e6 7. Nf3 Nc6 8. a3
a5 9. O-O Bd6 10. Re1 O-O 11. d4 cxd4 12. Nxd4 Nxd4 13. Qxd4 b6 14. Bg5 Be7 15.
Qh4 h6 16. Bxf6 Bxf6 17. Qe4 g6 18. Qf3 Bg7 19. Be4 Rb8 20. Nd2 Ba6 21. Nf1
Rfd8 22. Rad1 Bc4 23. Ne3 Bb3 24. Bc2 Bxc2 25. Nxc2 Qc5 26. Qe2 Qc7 27. Qe3 Rd6
28. Nd4 Qd8 29. Nc6 Qc7 30. Nxb8 Qxb8 31. Qg3 Bf8 32. Rd3 Qd8 33. Red1 Rxd3 34.
Rxd3 Qe8 35. Qc7 Qb5 36. Rf3 f5 37. Qc8 Kf7 38. Re3 Qb3 39. Qd7+ Kf6 40. g3 Bc5
41. Qd8+ Be7 42. Qd4+ Kf7 43. c4 Qa4 44. b3 Qc6 45. Rd3 Bxa3 46. Qh8 Be7 47.
Qxh6 a4 48. Qh7+ Kf6 49. Qh8+ Kf7 50. Qc3 Bf6 51. Qb4 axb3 52. Qxb3 Be7 53. h4
Qc7 54. Qb5 Qc5 55. Kg2 Qxb5 56. cxb5 Bc5 57. f4 Ke7 58. Kf3 Kf6 59. Rd7 e5 60.
fxe5+ Kxe5 61. g4 fxg4+ 62. Kxg4 Kf6 63. h5 gxh5+ 64. Kxh5 Ke6 65. Rd1 Ke5 66.
Kg6 Bd4 67. Kf7 Kd5 68. Ke7 Kc4 69. Rb1 Bc5+ 70. Kd7 Kc3 71. Kc6 Kd4 72. Rc1
Ba3 73. Rh1 Bc5 74. Rh5 Kc4 75. Rxc5+ bxc5 76. b6 Kd4 77. b7 c4 78. b8=Q c3 79.
Qb1 Kc4 80. Qc2 Kd4 81. Kb5 1-0

[Event "V Festival Costa Viola B"]
[Site "Palmi ITA"]
[Date "2012.01.06"]
[Round "8"]
[White "Russo, Arianna"]
[Black "Attina', Rodolfo"]
[Result "1/2-1/2"]
[WhiteElo "1688"]
[BlackElo "1368"]
[PlyCount "64"]
[EventDate "2012.01.02"]

1. d4 f5 2. c4 c6 3. Nc3 Nf6 4. Nf3 d6 5. e3 e6 6. Bd3 Be7 7. O-O O-O 8. Bd2 d5
9. c5 b6 10. b4 b5 11. a4 bxa4 12. Rxa4 a6 13. Qc2 Nbd7 14. Rfa1 Bb7 15. Bxa6
Bxa6 16. Rxa6 Rxa6 17. Rxa6 Qc8 18. Qa4 Nb8 19. Ra7 Re8 20. Ne5 Ne4 21. Nxe4
fxe4 22. b5 Bf6 23. Nxc6 Nxc6 24. bxc6 e5 25. Rb7 Rf8 26. Bc3 Qf5 27. Rb2 h5
28. c7 Bh4 29. Qa2 exd4 30. Bxd4 Qg4 31. Qxd5+ Kh7 32. Be5 Qf5 1/2-1/2

[Event "V Festival Costa Viola B"]
[Site "Palmi ITA"]
[Date "2012.01.06"]
[Round "8"]
[White "Tricomi, Massimo"]
[Black "Carbone, Edoardo"]
[Result "1/2-1/2"]
[WhiteElo "1839"]
[BlackElo "1835"]
[PlyCount "49"]
[EventDate "2012.01.02"]

1. b3 Nf6 2. Bb2 e6 3. e3 d5 4. Nf3 c5 5. c4 Be7 6. Be2 O-O 7. O-O Nc6 8. cxd5
Nxd5 9. d4 Bf6 10. Qd2 cxd4 11. Nxd4 Nxd4 12. Bxd4 Bxd4 13. Qxd4 Qf6 14. Qxf6
Nxf6 15. Nc3 Bd7 16. Rac1 Rac8 17. Nb5 Bxb5 18. Bxb5 a6 19. Be2 Rfd8 20. Bf3
Nd5 21. Bxd5 exd5 22. Rfd1 g6 23. g3 Rxc1 24. Rxc1 Rd7 25. Kf1 1/2-1/2

[Event "V Festival Costa Viola B"]
[Site "Palmi ITA"]
[Date "2012.01.06"]
[Round "8"]
[White "Valotta, Massimiliano"]
[Black "Della Rocca, Giorgio"]
[Result "0-1"]
[WhiteElo "1852"]
[BlackElo "1855"]
[PlyCount "78"]
[EventDate "2012.01.02"]

1. d4 Nf6 2. c4 g6 3. Nc3 Bg7 4. e4 d6 5. f4 O-O 6. Nf3 c5 7. d5 e6 8. Bd3 exd5
9. cxd5 Re8 10. O-O c4 11. Bc2 a6 12. a4 Nbd7 13. Be3 Qa5 14. Bd4 Nc5 15. Re1
Bg4 16. h3 Bxf3 17. Qxf3 Nb3 18. Bxb3 cxb3 19. Rad1 Rac8 20. Kh1 Rc4 21. Qd3
Qb4 22. g4 Nxg4 23. e5 Nh6 24. a5 Nf5 25. Bb6 Rxf4 26. e6 Qc4 27. Ne4 Qxd3 28.
Rxd3 fxe6 29. Ng5 e5 30. Rxb3 Bh6 31. Ne6 Rc4 32. Bc7 e4 33. Rxb7 Rc2 34. Rb6
Be3 35. Rxe3 Nxe3 36. Bxd6 Nxd5 37. Nd4 Rc1+ 38. Kg2 Nxb6 39. axb6 Rd1 0-1

[Event "V Festival Costa Viola B"]
[Site "Palmi ITA"]
[Date "2012.01.06"]
[Round "8"]
[White "Vazzana, Antonio"]
[Black "Carrozza, Gregorio"]
[Result "0-1"]
[WhiteElo "1593"]
[BlackElo "1689"]
[PlyCount "128"]
[EventDate "2012.01.02"]

1. c4 e5 2. g3 Nc6 3. Bg2 Nf6 4. d3 Bb4+ 5. Nc3 d6 6. a3 Bxc3+ 7. bxc3 h6 8.
Rb1 O-O 9. Nf3 e4 10. Nd4 exd3 11. exd3 Nxd4 12. cxd4 c6 13. O-O Qa5 14. Re1
Re8 15. Rxe8+ Nxe8 16. a4 Qc7 17. Qe2 Nf6 18. Qb2 b6 19. Bf4 Bf5 20. c5 Ne8 21.
Qc3 g5 22. cxd6 Nxd6 23. Be5 Rc8 24. Rc1 Qe7 25. Bxc6 f6 26. Bxd6 Qxd6 27. d5
Bh3 28. Re1 Kg7 29. Qd4 Rxc6 30. Qe4 Rc5 31. Qe8 Rc7 32. Qh5 g4 33. Qf5 Qe5 34.
Qxe5 fxe5 35. f4 exf4 36. gxf4 Rc2 37. d6 Rc8 38. Kf2 Rd8 39. Re7+ Kf6 40. Rh7
Kg6 41. Rxa7 Rxd6 42. Ke3 Rc6 43. Ke4 Kf6 44. Rh7 Kg6 45. Ra7 h5 46. d4 h4 47.
f5+ Kf6 48. Rh7 Bg2+ 49. Kf4 Rc4 50. Rh6+ Kg7 51. Rd6 Rxa4 52. Kg5 g3 53. hxg3
hxg3 54. Rd7+ Kf8 55. Kg4 Ke8 56. Rd6 Ra3 57. Rxb6 Bf1 58. Kf4 g2 59. Rg6 Kf7
60. d5 Rh3 61. Ke5 Rh1 62. Rb6 g1=Q 63. Rb7+ Ke8 64. Rb8+ Kd7 0-1

[Event "V Festival Costa Viola B"]
[Site "Palmi ITA"]
[Date "2012.01.06"]
[Round "8"]
[White "Violi, Vincenzo"]
[Black "Santeramo, Alessia Carmen"]
[Result "1/2-1/2"]
[WhiteElo "1813"]
[BlackElo "1824"]
[PlyCount "33"]
[EventDate "2012.01.02"]

1. e4 c5 2. Nf3 e6 3. d4 cxd4 4. Nxd4 a6 5. Nc3 Qc7 6. g3 Nc6 7. Bg2 Nf6 8. O-O
Be7 9. Re1 O-O 10. a4 d6 11. Be3 Ne5 12. h3 Nc4 13. Bc1 Bd7 14. b3 Ne5 15. Bb2
Rfd8 16. g4 Ng6 17. Qd3 1/2-1/2

[Event "V Festival Costa Viola B"]
[Site "Palmi ITA"]
[Date "2012.01.06"]
[Round "8"]
[White "Zampaglione, Francesco"]
[Black "Russo, Biagio"]
[Result "1-0"]
[WhiteElo "1560"]
[BlackElo "1691"]
[PlyCount "107"]
[EventDate "2012.01.02"]

1. d4 Nf6 2. Bf4 g6 3. h3 Bg7 4. e3 O-O 5. Nf3 d6 6. Nbd2 b6 7. Be2 Bb7 8. O-O
Nbd7 9. c4 Ne4 10. Nxe4 Bxe4 11. Ng5 Bb7 12. Bf3 c6 13. Be2 a6 14. Nf3 c5 15.
Qc2 Rc8 16. Rab1 cxd4 17. exd4 d5 18. b3 e6 19. Qb2 Bc6 20. Rbc1 b5 21. c5 Ba8
22. b4 Nb8 23. Be5 Nc6 24. Bxg7 Kxg7 25. Rfe1 Qf6 26. Bf1 h5 27. Ne5 Nxe5 28.
Rxe5 Qf4 29. Qc3 g5 30. Qe3 Qxe3 31. Rxe3 Kh6 32. Bd3 Rg8 33. Rce1 Rg7 34. Rf3
g4 35. hxg4 hxg4 36. Rg3 Rg5 37. f4 gxf3 38. Rxg5 f2+ 39. Kxf2 Kxg5 40. Re5+
Kf6 41. Be2 Rh8 42. Rh5 Rxh5 43. Bxh5 Bc6 44. Kf3 Kg7 45. Kf4 f6 46. a3 Bd7 47.
g4 Kf8 48. g5 fxg5+ 49. Kxg5 Kg7 50. Bg4 Kf7 51. Bh5+ Kg7 52. Bg4 Kf7 53. Kf4
Kf6 54. Bh5 1-0

[Event "V Festival Costa Viola B"]
[Site "Palmi ITA"]
[Date "2012.01.06"]
[Round "8"]
[White "Ziparo, Francesco"]
[Black "Greco, Simone"]
[Result "1/2-1/2"]
[WhiteElo "1581"]
[BlackElo "1629"]
[PlyCount "88"]
[EventDate "2012.01.02"]

1. c4 e6 2. d4 b6 3. Nf3 Bb7 4. Bg5 Nf6 5. Nc3 Be7 6. e3 O-O 7. Be2 d6 8. O-O
Nbd7 9. Qc2 Re8 10. Rfd1 c6 11. a3 Qc7 12. b4 a6 13. Ne4 c5 14. Nxf6+ Bxf6 15.
Bxf6 Nxf6 16. bxc5 dxc5 17. Rab1 Rab8 18. h3 Red8 19. Rb3 Bc6 20. Rbb1 Ba8 21.
a4 Nd7 22. Ng5 Nf6 23. Bf3 Bxf3 24. Nxf3 Rbc8 25. Rbc1 cxd4 26. exd4 b5 27.
axb5 axb5 28. c5 b4 29. Qb3 Nd5 30. Kf1 Ra8 31. Ra1 Qb7 32. Ne5 Nc3 33. Rxa8
Rxa8 34. Rc1 Qa6+ 35. Qc4 Qxc4+ 36. Nxc4 Nb5 37. Rd1 Rd8 38. Rb1 g6 39. Rxb4
Nxd4 40. Nd6 Nb3 41. Rb7 f5 42. Rc7 Nd4 43. f3 e5 44. Re7 Nc6 1/2-1/2